The basic principles for pharmacopoeial tests /

Bibliographic Details
Main Author: Reimers, F.
Format: Book
Language:English
Danish
Published: Copenhagen : Munksgaard, 1956.
Series:Contributions from the Danish Pharmacopoeia Commission, v. 3
Subjects:

MARC

Tag First Indicator Second Indicator Subfields
LEADER 00000cam a2200000 4500
001 in00000046791
005 20151007075415.0
008 800613s1956 dk 00000 eng d
035 |a (OCoLC)06418316 
035 |9 AAF3160AM 
040 |a TXA  |c TXA  |d UtOrBLW 
041 1 |a eng  |a dan 
049 |a TXAM  |c [275697] 
090 |a RS139  |b .R45 1956 
092 |a 615.11  |b R363b 
100 1 |a Reimers, F. 
245 1 4 |a The basic principles for pharmacopoeial tests /  |c [Tr. from the Danish]. 
264 1 |a Copenhagen :  |b Munksgaard,  |c 1956. 
300 |a 113 pages 
336 |a text  |b txt  |2 rdacontent 
337 |a unmediated  |b n  |2 rdamedia 
338 |a volume  |b nc  |2 rdacarrier 
490 0 |a Contributions from the Danish Pharmacopoeia Commission, v. 3 
650 0 |a Pharmacopoeias. 
810 1 |a Denmark.  |b Farmakopekomissionen.  |t Contributions,  |v 3. 
999 |a MARS 
999 f f |s 0e45ff1d-74a4-328c-8e8f-253a7f69f1e2  |i e20475a4-0a5f-3b69-90c1-e3b4ee84e227  |t 0 
952 f f |p ric  |a Texas A&M University  |b Rellis Campus  |c Joint Library Facility  |d Remote Storage  |t 0  |e RS139 .R45 1956  |h Library of Congress classification  |i unmediated -- volume  |m A14801030322 
998 f f |a RS139 .R45 1956  |t 0  |l Remote Storage